Landmarks of Asia Picture Quiz - Statistics

General Stats
  • This quiz has been taken 18 times
  • The average score is 9 of 16
Answer Stats
Picture Answer % Correct
Taj Mahal
100%
The Great Wall of China
94%
Angkor Wat
88%
Mount Everest
88%
Mount Fuji
88%
Burj Khalifa
81%
Petra
75%
Tokyo Tower
75%
The Forbidden City
69%
The Terracotta Army
63%
Taipei 101
44%
Shibuya Scramble Crossing
38%
Palm Islands
31%
Dubai Frame
6%
Oriental Pearl Tower
0%
The Grand Palace
0%
No matching quizzes found
Score Distribution
Percent of People with Each Score
Percentile by Number Answered
Your Score History
You have not taken this quiz